00314nam a22001337a 4500003000400000008004100004041000800045082002200053100001700075245002300092250000800115260004900123300000800172OSt230221b |||||||| |||| 00| 0 eng d amal a894.812 3bEMI/WH aEmili Brondi aWhuthering Heights a2nd aThiruvananthapurambChintha Publishersc2023 a336